Top Football Transfer 2018/19 Summer - Statistics

General Stats
  • This quiz has been taken 69 times
  • The average score is 27 of 100
Answer Stats
# From To Answer Transfer Fee % Correct
2 Real Madrid Juventus Cristiano Ronaldo 117,00 Mill. €
100%
1 Monaco PSG Kylian Mbappé 135,00 Mill. €
98%
5 Leicester Manchester City Riyad Mahrez 67,80 Mill. €
86%
3 Athletic Bilbao Chelsea Kepa Arrizabalaga 80,00 Mill. €
84%
4 Monaco Atlético Madrid Thomas Lemar 70,00 Mill. €
78%
9 Shakhtar Donetsk Manchester United Fred 59,00 Mill. €
76%
14 Flamengo Real Madrid Vinícius Júnior 45,00 Mill. €
72%
6 RB Leipzig Liverpool Naby Keïta 60,00 Mill. €
68%
10 Napoli Chelsea Jorginho 57,00 Mill. €
66%
7 Chelsea Real Madrid Thibaut Courtois 35,00 Mill. €
66%
11 Bayern Munich Juventus Douglas Costa 40,00 Mill. €
62%
8 AS Roma Liverpool Alisson 62,50 Mill. €
60%
12 Monaco Liverpool Fabinho 45,00 Mill. €
60%
31 Liverpool Juventus Emre Can Free Transfer
58%
27 Bayern Munich FC Barcelona Arturo Vidal 18,00 Mill. €
56%
15 Bordeaux FC Barcelona Malcom 41,00 Mill. €
48%
13 AS Roma Inter Radja Nainggolan 38,00 Mill. €
48%
29 FC Barcelona Everton Yerry Mina 30,25 Mill. €
46%
16 Valencia Juventus João Cancelo 40,40 Mill. €
44%
20 Watford Everton Richarlison 39,20 Mill. €
44%
23 Sevilla FC Barcelona Clément Lenglet 35,90 Mill. €
42%
22 Schalke 04 PSG Thilo Kehrer 37,00 Mill. €
42%
28 Grêmio FC Barcelona Arthur 31,00 Mill. €
40%
26 AC Milan Juventus Leonardo Bonucci 35,00 Mill. €
38%
17 Schalke 04 Bayern Munich Leon Goretzka Free Transfer
38%
66 FC Barcelona Everton Lucas Digne 20,20 Mill. €
38%
21 Lazio West Ham United Felipe Anderson 38,00 Mill. €
36%
19 PSG Valencia Gonçalo Guedes 40,00 Mill. €
36%
46 Bayer Leverkusen Arsenal Bernd Leno 25,00 Mill. €
34%
34 Sampdoria Arsenal Lucas Torreira 30,00 Mill. €
34%
36 CSKA Moscow Monaco Aleksandr Golovin 30,00 Mill. €
30%
35 OGC Nice Fulham Jean Michaël Seri 30,00 Mill. €
30%
18 Lazio Inter Stefan de Vrij Free Transfer
30%
38 FC Köln TJ Quanjian Anthony Modeste 29,00 Mill. €
24%
81 RB Salzburg Marseille Duje Caleta-Car 19,00 Mill. €
24%
24 Sporting Portugal Atlético Madrid Gelson Martins Free Transfer
24%
30 Inter Valencia Geoffrey Kondogbia 25,00 Mill. €
24%
45 Toulouse West Ham United Issa Diop 25,00 Mill. €
24%
47 Norwich Leicester James Maddison 25,00 Mill. €
24%
63 Celtic Olympique Lyon Moussa Dembélé 22,00 Mill. €
24%
25 Juventus AC Milan Mattia Caldara 35,00 Mill. €
22%
88 Stoke City Liverpool Xherdan Shaqiri 14,70 Mill. €
22%
65 Newcastle United Fulham Aleksandar Mitrovic 20,20 Mill. €
20%
33 Real Sociedad Real Madrid Álvaro Odriozola 30,00 Mill. €
20%
58 Borussia Dortmund West Ham United Andriy Yarmolenko 20,00 Mill. €
20%
77 TJ Quanjian Borussia Dortmund Axel Witsel 20,00 Mill. €
20%
61 FC Porto Manchester United Diogo Dalot 22,00 Mill. €
20%
32 Real Betis Napoli Fabián Ruiz 30,00 Mill. €
20%
41 AS Roma Marseille Kevin Strootman 25,00 Mill. €
20%
49 Racing Club Inter Lautaro Martínez 16,00 Mill. €
20%
62 Olympique Lyon Real Madrid Mariano Díaz 21,50 Mill. €
20%
78 Middlesbrough Wolves Adama Traoré 20,00 Mill. €
18%
89 Manchester United AFC Ajax Daley Blind 16,00 Mill. €
18%
55 PSG AS Roma Javier Pastore 24,70 Mill. €
18%
60 FC Porto Leicester Ricardo Pereira 22,00 Mill. €
18%
51 Sporting Portugal Real Betis William Carvalho 20,00 Mill. €
18%
59 OGC Nice Borussia Mönchengladbach Alassane Pléa 23,00 Mill. €
16%
50 Borussia Mönchengladbach Southampton Jannik Vestergaard 25,00 Mill. €
16%
40 Levante Bournemouth Jefferson Lerma 28,00 Mill. €
16%
100 Genoa Juventus Mattia Perin 12,00 Mill. €
16%
52 Vasco da Gama Bayer Leverkusen Paulinho 18,50 Mill. €
16%
43 Villarreal Atlético Madrid Rodri 20,00 Mill. €
16%
84 Hannover 96 Schalke 04 Salif Sané 7,00 Mill. €
16%
74 Borussia Dortmund Arsenal Sokratis 16,00 Mill. €
16%
37 Sevilla AS Roma Steven Nzonzi 26,65 Mill. €
16%
39 FSV Mainz Borussia Dortmund Abdou Diallo 28,00 Mill. €
14%
72 Espanyol Villarreal Gerard Moreno 20,00 Mill. €
14%
75 Arsenal West Ham United Jack Wilshere Free Transfer
14%
79 Atlético Madrid Valencia Kévin Gameiro 16,00 Mill. €
14%
91 Schalke 04 Crystal Palace Max Meyer Free Transfer
14%
70 Werder Bremen Borussia Dortmund Thomas Delaney 20,00 Mill. €
14%
56 PSG Athletic Bilbao Yuri Berchiche 24,00 Mill. €
14%
87 Toulouse Fiorentina Alban Lafont 8,50 Mill. €
12%
54 Marseille Fulham André Zambo Anguissa 24,85 Mill. €
12%
93 AFC Ajax AS Roma Justin Kluivert 17,25 Mill. €
12%
99 Montpellier RB Leipzig Nordi Mukiele 16,00 Mill. €
12%
90 PSV Eindhoven Atlético Madrid Santiago Arias 11,00 Mill. €
12%
44 Bologna Napoli Simone Verdi 25,00 Mill. €
12%
97 Leicester Al-Nassr Ahmed Musa 16,50 Mill. €
10%
96 Swansea Fulham Alfie Mawson 16,85 Mill. €
10%
82 AZ Alkmaar Brighton Alireza Jahanbakhsh 19,00 Mill. €
10%
80 Bayer Leverkusen Monaco Benjamin Henrichs 20,00 Mill. €
10%
42 Benfica Atalanta Bryan Cristante 5,00 Mill. €
10%
57 Spartak Moscow Sevilla Quincy Promes 20,00 Mill. €
10%
53 Villarreal AC Milan Samu Castillejo 25,00 Mill. €
10%
95 Middlesbrough Burnley Ben Gibson 16,90 Mill. €
8%
64 Freiburg Leicester Caglar Söyüncü 21,10 Mill. €
8%
85 SCO Angers Villarreal Karl Toko Ekambi 18,00 Mill. €
8%
83 Hoffenheim Schalke 04 Mark Uth Free Transfer
8%
76 Juventus Udinese Rolando Mandragora 20,00 Mill. €
8%
71 Monaco Huddersfield Terence Kongolo 20,00 Mill. €
8%
92 Genoa AC Milan Diego Laxalt 14,00 Mill. €
6%
98 Aston Villa Marseille Jordan Amavi 10,00 Mill. €
6%
86 FC Basel Southampton Mohamed Elyounoussi 18,00 Mill. €
6%
67 Fiorentina AC Milan Nikola Kalinic 20,00 Mill. €
6%
73 Olympique Lyon Monaco Willem Geubbels 20,00 Mill. €
6%
94 LOSC Lille Brighton Yves Bissouma 16,90 Mill. €
6%
68 Napoli Sampdoria Duván Zapata 17,00 Mill. €
4%
48 SC Amiens Olympique Lyon Tanguy Ndombéle 8,00 Mill. €
4%
69 Sampdoria AS Roma Patrik Schick 9,00 Mill. €
2%
No matching quizzes found
Score Distribution
Percent of People with Each Score
Percentile by Number Answered
Your Score History
You have not taken this quiz